Visit Malaysia Year 1994 [
| Format: | Book |
|---|---|
| Subjects: |
MARC
| LEADER | 00000cam a2200000 7i4500 | ||
|---|---|---|---|
| 001 | 0000017855 | ||
| 005 | 20061130.0 | ||
| 040 | |a INS | ||
| 090 | 0 | 0 | |a DS 592.6 1994 |
| 245 | 0 | 0 | |a Visit Malaysia Year 1994 [ |h video recording] |
| 300 | |a 1 Video cassette (VHS) (0:10) : |b sd., col. ; |c 1/2 in. | ||
| 650 | 0 | 0 | |a Malaysia |x Description and travel |
| 999 | |a VHS515 |b VIDEO |c Media Collection |e Default branch | ||